| Tag |
First Indicator |
Second Indicator |
Subfields |
| LEADER |
00000cam a2200000 a 4500 |
| 001 |
in00000030294 |
| 005 |
20151007060254.0 |
| 008 |
861010s1987 lauac b s00110beng |
| 010 |
|
|
|a 86021379
|
| 020 |
|
|
|a 0807113557
|
| 035 |
|
|
|a (OCoLC)14588886
|
| 035 |
|
|
|9 AAC0459AM
|
| 040 |
|
|
|a DLC
|c DLC
|d TXA
|d UtOrBLW
|
| 049 |
|
|
|a TXAM
|c [A11535853]
|
| 050 |
0 |
0 |
|a ML419.W27
|b D3 1987
|
| 082 |
0 |
|
|a 784.5/3/00924
|a B
|2 19
|
| 100 |
1 |
|
|a Dance, Helen Oakley,
|d 1913-2001.
|
| 245 |
1 |
0 |
|a Stormy Monday :
|b the T-Bone Walker story /
|c Helen Oakley Dance ; with a foreword by B.B. King.
|
| 264 |
|
1 |
|a Baton Rouge :
|b Louisiana State University Press,
|c [1987]
|
| 264 |
|
4 |
|c ©1987
|
| 300 |
|
|
|a xii, 285 pages :
|b illustrations, portraits ;
|c 24 cm.
|
| 336 |
|
|
|a text
|b txt
|2 rdacontent
|
| 337 |
|
|
|a unmediated
|b n
|2 rdamedia
|
| 338 |
|
|
|a volume
|b nc
|2 rdacarrier
|
| 504 |
|
|
|a Discography: pages [251]-[277].
|
| 504 |
|
|
|a Bibliography: pages [247]-249.
|
| 500 |
|
|
|a Includes index.
|
| 600 |
1 |
0 |
|a Walker, T-Bone,
|d 1910-1975.
|
| 650 |
|
0 |
|a Blues musicians
|z United States
|v Biography.
|
| 999 |
|
|
|a MARS
|
| 999 |
f |
f |
|s b907a190-ed7a-3488-8b40-5e5102924734
|i 6dd331c9-f048-3225-816e-b8ca3132d069
|t 0
|
| 952 |
f |
f |
|p ric
|a Texas A&M University
|b Rellis Campus
|c Joint Library Facility
|d Remote Storage
|t 0
|e ML419.W27 D3 1987
|h Library of Congress classification
|i unmediated -- volume
|m A14811535853
|
| 998 |
f |
f |
|a ML419.W27 D3 1987
|t 0
|l Remote Storage
|